00362nam a2200181Ia 4500003000900000008004100009040001300050040001300063041000800076100001300084245002200097250001300119260001200132260000900144300001100153300001000164490000600174IT-RoPAU120407s9999 xx 000 0 und d aIT-RoPAU cIT-RoPAU aita aStendhal aCronache italiane aFirenze  aSansoni c1966 a331 p. c18 cm v1